• 首页
  • 本馆介绍
  • 公告通知
  • 最新文献
  • 馆藏检索
  • 电子资源
  • 读者导购
  • 参考咨询
  • 我的图书馆
  • 登录
  • 详细信息显示
  • 放入我的书架
  • 预约/预借图书
  • 作者相关作品
  • 分类相关作品
  • 丛书相关作品
  • 出版社相关作品

书目信息

  • 表格格式
  • 工作单格式
  • 卡片格式
题名:
黏弹性力学与辛体系
    
 
作者: 张维祥
分册:  
出版信息: 武汉   华中科技大学出版社  2016.05
页数: 178页
开本: 20cm
丛书名:
单 册:
中图分类: O345
科图分类:
主题词: 固体力学
电子资源:
ISBN: 7-5680-1332-4
000 00598nam0 2200205 450
001 2892
005 20161207091006.20
010    @a7-5680-1332-4@dCNY38.00
100    @a20150811d2016 km y0chiy0120 ea
101 0  @achi
102    @aCN@b420000
200 1  @a黏弹性力学与辛体系@Anian dan xing li xue yu xin ti xi@f张维祥@Fzhang wei xiang
210    @a武汉@c华中科技大学出版社@d2016.05
215    @a178页@d20cm
330    @a黏弹性介质力学
606 0  @a固体力学
690    @aO345@v4
701  0 @a张维祥@Azhang wei xiang
801  0 @aCN@b大连网信软件有限公司图书馆·11@c20161207
905    @aZUCC@dO345@e35
    
    黏弹性力学与辛体系/张维祥.-武汉:华中科技大学出版社,2016.05
    178页;20cm
    
    
    ISBN 7-5680-1332-4:CNY38.00
    黏弹性介质力学
●
相关链接 在E读中查询图书 在五车中查询图书 在当当中查询图书 在豆瓣中查询图书


正题名:黏弹性力学与辛体系     索取号:O345/35         预约/预借

序号 登录号 条形码 馆藏地/架位号 状态 备注
1 912203   209122037   第二样本阅览室/ [索取号:O345/35] 在馆    
2 912204   209122046   第三借阅区/ [索取号:O345/35] 在馆    
3 912205   209122055   第三借阅区/ [索取号:O345/35] 在馆    
4 912206   209122064   第三借阅区/ [索取号:O345/35] 在馆    
5 912207   209122073   第三借阅区/ [索取号:O345/35] 在馆    
唐山师范学院图书馆 欢迎您!
大连网信软件有限公司© 版权所有